| 000 | 00540nam a2200205 a 4500 | ||
|---|---|---|---|
| 005 | 20220902233031.0 | ||
| 008 | 991125s1979 mx 000 0 spa u | ||
| 020 | _a9683400744 | ||
| 035 | _aUPN01000006534 | ||
| 049 | _aCG | ||
| 050 | 4 |
_aPN6019 G7 _bN4.3 |
|
| 100 | 1 |
_aNeruda, Pablo, _d1904-1973 |
|
| 245 | 1 | 0 |
_aCanto general / _cPablo Neruda |
| 260 |
_aMéxico : _bPROMEXA, _c1979 |
||
| 300 | _axiii, 480 p | ||
| 440 | 4 | _aLas grandes obras del siglo veinte | |
| 650 | 0 |
_aPoesía chilena _91228 |
|
| 904 |
_aAC _b006534 |
||
| 905 | _aLibro | ||
| 999 |
_c6534 _d6534 |
||